PSG - najdroższe transfery - Statystyki

Ogólne statystyki
  • Ten quiz został rozwiązany 229 razy
    139 od ostatniego zresetowania
  • Średni wynik to 14 z 20
Statystyki odpowiedzi
Sezon Kwota Klub sprzedający Narodowość Pozycja Zawodnik % Poprawnych
17/18 222 mln € Barcelona Brazylia l. napastnik Neymar
100%
18/19 180 mln € Monaco Francja/Kamerun ś. napastnik Kylian Mbappé
98%
21/22 68 mln € Inter Mediolan Maroko/Hiszpania p. obrońca Achraf Hakimi
88%
23/24 50 mln € Barcelona Francja p. napastnik Ousmane Dembélé
85%
13/14 64,50 mln € Napoli Urugwaj/Włochy ś. napastnik Edinson Cavani
83%
23/24 70 mln € Napoli Gruzja l. napastnik Khvicha Kvaratskhelia
81%
22/23 41,50 mln € Porto Portugalia ś. pomocnik Vitinha
75%
15/16 63 mln € Manchester United Argentyna/Włochy p. napastnik Ángel Di María
74%
24/25 59,92 mln € Benfica Lizbona Portugalia def. pomocnik João Neves
73%
23/24 65 mln € Benfica Lizbona Portugalia ś. napastnik Gonçalo Ramos
72%
23/24 95 mln € Eintracht Frankfurt Francja/DR Konga ś. napastnik Randal Kolo Muani
72%
23/24 45 mln € Bayern Monachium Francja/Hiszpania l. obrońca Lucas Hernández
71%
24/25 50 mln € Stade Rennais Francja/WKS l. napastnik Désiré Doué
70%
12/13 42 mln € AC Milan Brazylia/Francja ś. obrońca Thiago Silva
68%
23/24 60 mln € Sporting Lizbona Urugwaj def. pomocnik Manuel Ugarte
64%
14/15 49,50 mln € Chelsea Brazylia/Portugalia ś. obrońca David Luiz
58%
23/24 45 mln € Olympique Lyon Francja/Togo l. napastnik Bradley Barcola
56%
20/21 50 mln € Inter Mediolan Argentyna/Włochy ś. napastnik Mauro Icardi
54%
12/13 40 mln € Sao Paulo Brazylia p. napastnik Lucas Moura
38%
11/12 42 mln € Palermo Argentyna/Włochy of. pomocnik Javier Pastore
31%
Nie znaleziono quizów pasujących do podanych kryteriów
Rozkład punktacji
Procent ludzi z każdym wynikiem
Percentyl według liczby udzielonych odpowiedzi
Twoja historia wyników
Nie rozwiązałeś tego quizu od ostatniego zresetowania